000 00732nam a2200241 i 4500
001 172972
003 ES-MaACL
005 20250710062738.0
007 t|
008 090925s1977 fr ||||1| fre d
080 _a159.922
100 1 _aChauchard, Paul.
_938194
245 1 3 _aPhysiologie de la conscience /
_cPaul Chauchard.
250 _a8e éd. mise à jour.
260 _aParis :
_bPresses Universitaires de France,
_c1977.
300 _a127 p. ;
_c18 cm.
490 1 _aQue sais-je ? ;
_v333
650 4 _aConciencia.
_911241
650 4 _aSubconsciente.
_917233
830 0 0 _aQue sais-je?
_v333
_9180931
852 4 _aES-MaACL
_jE-13008
_9R.138210
_z. - Biblioteca Jacinto Martínez Lacalle
999 _c172972
_d172972